000
00260cam a22000977a 4500
008
180718bn.d. xxu||||| |||| 00| 0 eng d
082
_a
B18x5441 G949
245
_a
Drug abuse
260
_a
Ahmedabad
_b
The Director of Prohibition and Excise
_c
n.d.
300
_a
300p.
999
_c
488825
_d
488825